| 000 | 00900nam a2200253 i 4500 | ||
|---|---|---|---|
| 001 | 15409 | ||
| 003 | ES-MaACL | ||
| 005 | 20250914111626.0 | ||
| 007 | t| | ||
| 008 | 000302s1999 sp ||||1| spa d | ||
| 020 | _a84-8307-195-9 | ||
| 080 | _a946.0"1936/39" | ||
| 245 | 0 | 3 |
_aLa República asediada : _bhostilidad internacional y conflictos internos durante la guerra civil / _cPaul Preston, ed. ; con artículos de Enrique Moradiellos ... [et al.]. |
| 250 | _a1ª ed. | ||
| 260 |
_aBarcelona : _bPenínsula, _c1999. |
||
| 300 |
_a326 p. ; _c23 cm. |
||
| 490 | 1 |
_aHistoria, ciencia, sociedad ; _v286 |
|
| 651 | 4 |
_aEspaña- _xHistoria- _y1936-1939, Guerra civil. _98292 |
|
| 700 | 0 |
_aPreston, Paul, _d1946- _993797 |
|
| 700 | 1 |
_aMoradiellos, Enrique, _d1961- _982901 |
|
| 830 | 1 | 0 |
_aHistoria, ciencia, sociedad (Península) _v286 _9177444 |
| 852 | 4 |
_aES-MaACL _jL-22474 |
|
| 999 |
_c15409 _d15409 |
||